00257nam a2200109Ia 4500100001900000650002900019250000600048245003000054260003300084082001800117546001200135 aKani/Nagoor A  aDigial signal processing a2 aDigital signal processing bTata Mc Graw hill Ltd.c2012 a621.3822bKAN aENGLISH